000 00372nam a2200145Ia 4500
008 210210b1966 xxu||||| |||| 00| 0 eng d
082 _a824 LADC
100 _aLADY BIRD BOOK SERIES
245 _aCleopatra and ancient Egypt.
260 _aEngland
_bWills & Hepworth Ltd.
_c1966
300 _a50
650 _aLadybird Series
690 _aEnglish Prose
906 _a037757
999 _c87704
_d87704